Postavenie Venezuely v rámci regiónu Latinskej Ameriky diplomová práca

Salvato in:
Dettagli Bibliografici
Autore principale: Stratená, Simona
Ente Autore: Obchodná fakulta EU. Katedra medzinárodného obchodu
Altri autori: Baumgartner, Boris
Natura: Libro
Lingua:slovacco
Pubblicazione: Bratislava 2018
Tags: Aggiungi Tag
Nessun Tag, puoi essere il primo ad aggiungerne!!

MARC

LEADER 00000nbm a2200000 4500
001 0243213
005 20181003113504.0
041 0 |a slo 
044 |a SK 
245 1 0 |a Postavenie Venezuely v rámci regiónu Latinskej Ameriky  |b diplomová práca  |c Simona Stratená ; školiteľ: Boris Baumgartner 
264 1 |a Bratislava  |c 2018 
300 |a 63 s. 
100 1 |a Stratená, Simona 
700 1 |a Baumgartner, Boris 
710 2 |a Obchodná fakulta EU. Katedra medzinárodného obchodu